[Event "Titled Tue 27th May Late"]
[Site "chess.com INT"]
[Date "2025.05.27"]
[Round "1"]
[White "Brown, Akeem"]
[Black "Noroozi, Omid"]
[Result "0-1"]
[WhiteTitle "CM"]
[BlackTitle "IM"]
[WhiteElo "2055"]
[BlackElo "2266"]
[WhiteFideId "7402023"]
[BlackFideId "12501190"]
[EventDate "2025.05.27"]

1. e4 c5 2. Nf3 d6 3. d4 cxd4 4. Nxd4 Nf6 5. Nc3 a6 6. Be3 e5 7. Nb3 Be7 8. f3
Be6 9. Qd2 h5 10. Be2 Nbd7 11. Nd5 Nxd5 12. exd5 Bf5 13. O-O Rc8 14. c4 b6 15.
f4 exf4 16. Rxf4 Bg6 17. Nd4 Ne5 18. Rc1 O-O 19. Rff1 Bf6 20. Nf5 Re8 21. Bd4
Qd7 22. Ng3 h4 23. Nh1 Ng4 24. Bxb6 Be5 25. Bxg4 Qxg4 26. Nf2 Qh5 27. b3 Bf5 28.
Nd3 Bf6 29. Rce1 Be4 30. Nf4 Qg5 31. Be3 Qe5 32. Ne2 h3 33. g3 Qh5 0-1

[Event "Titled Tue 27th May Late"]
[Site "chess.com INT"]
[Date "2025.05.27"]
[Round "1"]
[White "Tikhonov, Viacheslav"]
[Black "Jumabayev, Rinat"]
[Result "0-1"]
[WhiteTitle "CM"]
[BlackTitle "GM"]
[WhiteElo "2183"]
[BlackElo "2551"]
[WhiteFideId "44196407"]
[BlackFideId "13702661"]
[EventDate "2025.05.27"]

1. e4 g6 2. d4 Bg7 3. Nc3 d6 4. Be3 a6 5. a4 Nf6 6. h3 O-O 7. Nge2 Nc6 8. g4 b6
9. Bg2 Bb7 10. O-O Na5 11. b3 c5 12. Qd2 cxd4 13. Nxd4 Rc8 14. Nde2 Nd7 15. Rab1
Qc7 16. Bd4 Rfd8 17. Bxg7 Kxg7 18. Rfc1 e6 19. Na2 Nf6 20. Qe3 Qc5 21. Qxc5 bxc5
22. b4 cxb4 23. Rxb4 Rc7 24. g5 Nd7 25. f4 e5 26. c3 f6 27. Rd1 fxg5 28. Rxd6
gxf4 29. Bf3 Re8 30. Kf2 Re7 31. Bg4 Nc5 32. Bf3 Red7 33. Rbb6 Nc4 34. Rxd7+
Rxd7 0-1

[Event "Titled Tue 27th May Late"]
[Site "chess.com INT"]
[Date "2025.05.27"]
[Round "1"]
[White "Toncheva, Nadya"]
[Black "Montano Vicente, Guadalupe"]
[Result "1-0"]
[WhiteTitle "FM"]
[WhiteElo "2332"]
[BlackElo "1940"]
[WhiteFideId "2924056"]
[BlackFideId "5181399"]
[EventDate "2025.05.27"]

1. e4 c5 2. Nf3 d6 3. c3 Nf6 4. Be2 g6 5. O-O Bg7 6. Bb5+ Bd7 7. Bxd7+ Qxd7 8.
Re1 e5 9. d4 Nc6 10. d5 Ne7 11. c4 b5 12. cxb5 Qxb5 13. Nc3 Qd7 14. Nd2 O-O 15.
Nc4 Rfd8 16. Bg5 h6 17. Bd2 Nc8 18. a4 Nb6 19. Qe2 Rab8 20. Ne3 Nc8 21. Reb1 Nh5
22. g3 Nf6 23. a5 h5 24. Nc4 Qh3 25. Qf1 Qxf1+ 26. Kxf1 Ng4 27. Kg2 f5 28. f3
Nf6 29. Bg5 Rf8 30. a6 Nd7 31. Na5 fxe4 32. fxe4 Rb4 33. Ra4 Rxa4 34. Nxa4 Ndb6
35. Nc3 Rf7 36. Nc6 Kh7 37. Rf1 Rxf1 38. Kxf1 Kg8 39. Bd8 Kf7 40. Bxb6 Nxb6 41.
Nxa7 Bf8 42. Nc6 Be7 43. a7 Ke8 44. Nb5 Bd8 45. Nxd6+ Kd7 46. Nc4 Na8 47. N4xe5+
Kc8 48. Nxg6 Bb6 49. e5 Kb7 50. e6 Bxa7 51. Nxa7 Kxa7 52. e7 Nc7 53. d6 1-0

[Event "Titled Tue 27th May Late"]
[Site "chess.com INT"]
[Date "2025.05.27"]
[Round "1"]
[White "Do Carmo, Gabriel Carckeno"]
[Black "Ismagilov, Damir"]
[Result "0-1"]
[BlackTitle "CM"]
[WhiteElo "2021"]
[BlackElo "2173"]
[WhiteFideId "22783024"]
[BlackFideId "34199982"]
[EventDate "2025.05.27"]

1. c4 Nf6 2. Nc3 c5 3. e4 Nc6 4. g3 g6 5. Bg2 Bg7 6. Nge2 O-O 7. O-O e5 8. d3 d6
9. h3 Nh5 10. g4 Nf6 11. f4 exf4 12. Bxf4 Ne8 13. Qd2 Be6 14. Nd5 Nd4 15. Be3
Nxe2+ 16. Qxe2 Nc7 17. Rab1 Nxd5 18. cxd5 Bd7 19. b4 b6 20. bxc5 bxc5 21. Kh1
Rb8 22. Bf4 Qe7 23. Qd2 Bb5 24. Bg5 Qe5 25. Bf4 Qe7 26. Qc2 Qd7 27. Rfc1 Ba4 28.
Qf2 Bd4 29. Qg3 Rxb1 30. Rxb1 Rd8 31. h4 Qe7 32. Bh3 c4 33. dxc4 Qxe4+ 0-1

[Event "Titled Tue 27th May Late"]
[Site "chess.com INT"]
[Date "2025.05.27"]
[Round "1"]
[White "Swara Lakshmi S Nair"]
[Black "Cernov, Henrik"]
[Result "0-1"]
[WhiteTitle "WCM"]
[BlackTitle "FM"]
[WhiteElo "2178"]
[BlackElo "2325"]
[WhiteFideId "25629239"]
[BlackFideId "16258312"]
[EventDate "2025.05.27"]

1. e4 e6 2. d4 d5 3. e5 c5 4. c3 Nc6 5. Ne2 Nge7 6. Nd2 Ng6 7. Nf3 cxd4 8. cxd4
f6 9. exf6 Qxf6 10. Bg5 Qf7 11. Ng3 Bb4+ 12. Bd2 Bxd2+ 13. Qxd2 O-O 14. Bd3 e5
15. Bxg6 Qxg6 16. dxe5 Be6 17. O-O Rad8 18. Rfe1 d4 19. Ng5 Bd5 20. e6 Rde8 21.
e7 Rxe7 22. Rxe7 Nxe7 23. Qxd4 Qxg5 24. Re1 Bc6 25. h4 Qd5 26. Qxd5+ Nxd5 27. a3
Rf6 28. b4 a6 29. Re5 Nf4 30. Nf5 Re6 31. Ne7+ Kf7 32. Nxc6 bxc6 33. Rf5+ Rf6
34. Ra5 Nd5 35. Rxa6 h5 36. g3 Re6 37. Kf1 Kf6 38. Ra8 Re4 39. Rc8 Rc4 40. Rb8
Rc3 41. a4 Rc4 42. b5 cxb5 43. axb5 Rb4 44. Rb7 Nc3 45. b6 Nd5 46. Rd7 Nxb6 47.
Rd6+ Kf5 48. Rc6 g6 49. Rc5+ Kf6 50. Kg2 Nd7 51. Rc6+ Kf7 52. Kf3 Ne5+ 0-1

[Event "Titled Tue 27th May Late"]
[Site "chess.com INT"]
[Date "2025.05.27"]
[Round "1"]
[White "Gimeno Martos, Roberto"]
[Black "Karas, Marek"]
[Result "0-1"]
[WhiteTitle "CM"]
[BlackTitle "FM"]
[WhiteElo "2090"]
[BlackElo "2200"]
[WhiteFideId "2226804"]
[BlackFideId "14928558"]
[EventDate "2025.05.27"]

1. d4 d5 2. Nf3 Nf6 3. e3 Bg4 4. h3 Bh5 5. Be2 Nbd7 6. b3 Bxf3 7. Bxf3 e6 8. O-O
c6 9. c4 Bd6 10. Nc3 O-O 11. cxd5 exd5 12. e4 dxe4 13. Nxe4 Nxe4 14. Bxe4 Nf6
15. Bg5 Be7 16. Bc2 Nd5 17. Bxe7 Qxe7 18. Re1 Qf6 19. Qd3 g6 20. a3 Rad8 21.
Rad1 Kg7 22. b4 a6 23. Qg3 Rfe8 24. Re5 Nf4 25. Rxe8 Rxe8 26. Qf3 Nd5 27. Qxf6+
Kxf6 28. g3 Rd8 29. Kg2 Nc7 30. Kf3 Nb5 31. Be4 Nxa3 32. d5 cxd5 33. Rxd5 Rxd5
34. Bxd5 b6 35. Bb7 a5 36. bxa5 bxa5 37. Bc6 Nc4 38. Ke4 Nb6 39. f4 a4 40. Bb5
a3 41. Kd3 h5 42. Kc2 Nd5 43. Kb3 h4 44. gxh4 Nxf4 45. Bd7 Ng2 46. h5 gxh5 47.
Kxa3 Kg5 48. Kb3 f5 49. Kc3 h4 50. Kd3 Nf4+ 51. Ke3 Nxh3 52. Kf3 Nf4 53. Bc8 Ng6
54. Bd7 Ne5+ 0-1

[Event "Titled Tue 27th May Late"]
[Site "chess.com INT"]
[Date "2025.05.27"]
[Round "1"]
[White "Bykov, Egor"]
[Black "Dominguez, Ramiro"]
[Result "1-0"]
[WhiteTitle "FM"]
[BlackTitle "FM"]
[WhiteElo "2441"]
[BlackElo "2185"]
[WhiteFideId "34115290"]
[BlackFideId "4420055"]
[EventDate "2025.05.27"]

1. e4 e5 2. Nf3 Nc6 3. Bc4 Nf6 4. Ng5 Bc5 5. Bxf7+ Ke7 6. Bc4 Rf8 7. O-O Qe8 8.
Nc3 Kd8 9. Nd5 Qg6 10. d3 d6 11. Nxf6 gxf6 12. Ne6+ Bxe6 13. Bxe6 Nd4 14. Bh3 f5
15. c3 Nc6 16. Bxf5 Qf7 17. Bg5+ Ne7 18. d4 exd4 19. cxd4 Bb6 20. Qg4 c6 21. d5
Kc7 22. dxc6 Nxf5 23. cxb7 Kxb7 24. Qxf5 Qxf5 25. exf5 Rxf5 26. Be3 Rb5 27. b3
Re8 28. Bxb6 axb6 29. Rfe1 Rxe1+ 30. Rxe1 Kc6 31. Kf1 Rc5 32. g4 h5 33. h3 Kb5
34. Re3 Kb4 35. a4 Rg5 36. f4 Rg8 37. g5 d5 38. h4 d4 39. Rf3 Kc5 40. f5 Kd5 41.
f6 Ke6 42. Ke2 Kf7 43. Kd3 Rd8 44. Rf4 b5 45. Rxd4 Rb8 46. Rd7+ Kg6 47. Rg7+ Kf5
48. f7 bxa4 49. bxa4 1-0

[Event "Titled Tue 27th May Late"]
[Site "chess.com INT"]
[Date "2025.05.27"]
[Round "1"]
[White "Sjugirov, Sanan"]
[Black "Reprintsev, Alexander"]
[Result "1-0"]
[WhiteTitle "GM"]
[BlackTitle "IM"]
[WhiteElo "2638"]
[BlackElo "2256"]
[WhiteFideId "4189302"]
[BlackFideId "14100541"]
[EventDate "2025.05.27"]

1. c4 e5 2. g3 c6 3. d4 e4 4. a3 d5 5. Nc3 Be6 6. Bg2 Nd7 7. cxd5 cxd5 8. f3
exf3 9. Nxf3 Ngf6 10. O-O Be7 11. Nh4 O-O 12. Nf5 Nb6 13. Nxe7+ Qxe7 14. Bg5
Rfd8 15. Bxf6 gxf6 16. Qc1 Kg7 17. Qf4 Rac8 18. Rf2 Rc6 19. Raf1 Bc8 20. Kh1 Re6
21. Bh3 Red6 22. Bxc8 Rxc8 23. Qg4+ Kh8 24. Qh4 Nd7 25. Rf5 Rg8 26. Nxd5 Qxe2
27. Nxf6 Nxf6 28. Rxf6 Qe7 29. Rxd6 Qxd6 30. Qe4 b6 31. Rxf7 Rg6 32. Rxa7 b5 33.
Rb7 h5 34. Qe8+ 1-0

[Event "Titled Tue 27th May Late"]
[Site "chess.com INT"]
[Date "2025.05.27"]
[Round "1"]
[White "Rasulov, Vugar"]
[Black "Mika, Tomasz"]
[Result "1-0"]
[WhiteTitle "GM"]
[BlackTitle "CM"]
[WhiteElo "2485"]
[BlackElo "2227"]
[WhiteFideId "13402390"]
[BlackFideId "1132970"]
[EventDate "2025.05.27"]

1. e4 c6 2. d4 d5 3. exd5 cxd5 4. Nf3 Nc6 5. Ne5 a6 6. Nxc6 bxc6 7. Bd3 g6 8.
O-O Bg7 9. c3 Nf6 10. Bf4 O-O 11. h3 a5 12. Re1 Ba6 13. Bc2 Re8 14. Nd2 Qb6 15.
Rb1 c5 16. dxc5 Qxc5 17. Nf3 Rad8 18. Ba4 Bb5 19. Be3 Bxa4 20. Qxa4 Qc4 21. Qxc4
dxc4 22. Red1 Rd5 23. Bb6 Rb5 24. Bc7 Rc8 25. Bg3 Ne4 26. Bf4 a4 27. Re1 f5 28.
Nd4 Bxd4 29. cxd4 c3 30. bxc3 Rxb1 31. Rxb1 Nxc3 32. Rb2 Rc4 33. Be5 Ne4 34. f3
Rc1+ 35. Kh2 Nc3 36. a3 Rb1 37. Rd2 Rb3 38. d5 Nb5 39. Rc2 1-0

[Event "Titled Tue 27th May Late"]
[Site "chess.com INT"]
[Date "2025.05.27"]
[Round "1"]
[White "Rabin, Evan"]
[Black "Tekeyev, Zaur"]
[Result "1/2-1/2"]
[BlackTitle "IM"]
[WhiteElo "1945"]
[BlackElo "2417"]
[WhiteFideId "2028670"]
[BlackFideId "4199731"]
[EventDate "2025.05.27"]

1. e4 e5 2. Nf3 Nc6 3. Bb5 Nf6 4. O-O Nxe4 5. d4 Nd6 6. Bxc6 dxc6 7. dxe5 Nf5 8.
Qxd8+ Kxd8 9. b3 h6 10. Bb2 Ke8 11. Nbd2 Be6 12. Rad1 Rd8 13. Ne4 Rxd1 14. Rxd1
Be7 15. c4 a5 16. Ng3 Nxg3 17. hxg3 c5 18. Bc3 a4 19. Nd2 Kd7 20. Ne4+ Kc6 21.
f4 Ra8 22. Ra1 Bf5 23. Nd2 g5 24. Kf2 Rd8 25. Nf1 Rd3 26. Rc1 gxf4 27. gxf4 Rd8
28. Ne3 Be4 29. Rd1 Rxd1 30. Nxd1 axb3 31. axb3 Bc2 32. Ne3 Bxb3 33. Kf3 Kd7 34.
Kg4 c6 35. Kh5 b5 36. cxb5 cxb5 37. Kxh6 b4 38. Bd2 c4 39. Nd5 c3 40. Nxc3 bxc3
41. Bxc3 Bd1 42. Kg7 Ke8 43. f5 Bg4 44. e6 Bf8+ 45. Kf6 Be7+ 46. Kg7 fxe6 47.
fxe6 Bxe6 48. Bf6 Bf8+ 49. Kh7 Kf7 50. Bb2 Bf5+ 51. Kh8 Bg6 52. Ba1 Bd6 53. Bb2
Bg3 54. Ba1 Be4 55. Bb2 Be1 56. Ba1 Kg6 57. g4 Bd5 58. g5 Bb4 59. Bb2 Bc5 60.
Ba1 Ba3 61. Bc3 Bc5 62. Ba1 Ba3 63. Bg7 Bc5 64. Ba1 1/2-1/2

[Event "Titled Tue 27th May Late"]
[Site "chess.com INT"]
[Date "2025.05.27"]
[Round "1"]
[White "Guliev, Gasan"]
[Black "Szpar, Milosz"]
[Result "0-1"]
[WhiteTitle "CM"]
[BlackTitle "IM"]
[WhiteElo "2123"]
[BlackElo "2475"]
[WhiteFideId "34165638"]
[BlackFideId "1184989"]
[EventDate "2025.05.27"]

1. d4 Nf6 2. Bg5 d5 3. Nd2 c5 4. dxc5 e6 5. Nb3 Nbd7 6. e3 Nxc5 7. Bb5+ Bd7 8.
Bxd7+ Ncxd7 9. Nf3 h6 10. Bh4 g5 11. Bg3 Ne4 12. O-O Bg7 13. c3 h5 14. Nfd2 Nxg3
15. fxg3 Qb6 16. Qe2 Ne5 17. Kh1 O-O-O 18. a4 Qc7 19. Nf3 g4 20. Nxe5 Bxe5 21.
c4 Kb8 22. cxd5 Rxd5 23. Rac1 Qe7 24. e4 Rd7 25. Nc5 Rc7 26. Qb5 Ka8 27. Nxb7 f6
28. Na5 Rb8 29. Qa6 Rb6 30. Qc8+ Rxc8 31. Rxc8+ Rb8 32. Nc6 Qb7 33. Nxb8 Qxc8 0-1

[Event "Titled Tue 27th May Late"]
[Site "chess.com INT"]
[Date "2025.05.27"]
[Round "1"]
[White "Zuferi, Enis"]
[Black "Bortnyk, Olexandr"]
[Result "0-1"]
[WhiteTitle "FM"]
[BlackTitle "GM"]
[WhiteElo "2351"]
[BlackElo "2601"]
[WhiteFideId "24692530"]
[BlackFideId "14120828"]
[EventDate "2025.05.27"]

1. d4 Nf6 2. c4 b6 3. Nc3 Bb7 4. Nf3 g6 5. d5 Bg7 6. e4 d6 7. Bd3 O-O 8. O-O e5
9. b4 a5 10. bxa5 Rxa5 11. a4 Nbd7 12. Ba3 Nc5 13. Bc2 Nfd7 14. Nb5 f5 15. Bb4
fxe4 16. Nd2 e3 17. fxe3 Ra8 18. Rxf8+ Bxf8 19. a5 Bh6 20. Qf3 bxa5 21. Rxa5 Rc8
22. Ra7 Qg5 23. Nf1 Rf8 24. Qe2 Qd8 25. Ba5 Qh4 26. Bxc7 Ba6 27. Bxd6 Bxb5 28.
Bxf8 Bxc4 29. g3 Bxe2 30. gxh4 Kxf8 31. Ng3 Bxe3+ 32. Kg2 Bc4 33. h5 Bxd5+ 34.
Kh3 Be6+ 35. Kg2 Kf7 36. hxg6+ hxg6 0-1

[Event "Titled Tue 27th May Late"]
[Site "chess.com INT"]
[Date "2025.05.27"]
[Round "1"]
[White "Montiel, Angel Nathanael"]
[Black "Burmakin, Vladimir"]
[Result "1-0"]
[WhiteTitle "CM"]
[BlackTitle "GM"]
[WhiteElo "2011"]
[BlackElo "2435"]
[WhiteFideId "3706923"]
[BlackFideId "4105109"]
[EventDate "2025.05.27"]

1. Nf3 d5 2. g3 c6 3. Bg2 Nf6 4. O-O Bf5 5. b3 e6 6. Bb2 h6 7. d3 Be7 8. Nbd2
O-O 9. c4 a5 10. a3 Qb6 11. Ne5 Rd8 12. Qc2 d4 13. Rab1 c5 14. Bc1 Qc7 15. Nef3
Nc6 16. Re1 e5 17. Nf1 Bh7 18. N3d2 Re8 19. h3 Bd6 20. g4 Nd8 21. Ng3 Ne6 22.
Nde4 Nxe4 23. Nxe4 Be7 24. Bd2 Nf4 25. Bxf4 exf4 26. Bf3 Rad8 27. Qd2 b6 28. Kh1
Kh8 29. Rg1 g5 30. Rg2 Qd7 31. a4 Rg8 32. Qc2 Rg6 33. Kg1 Rdg8 34. Kf1 R6g7 35.
Ke1 h5 36. Kd2 f5 37. gxf5 g4 38. f6 Bxf6 39. Nxf6 Qe6 40. Nxg8 gxf3 41. Rxg7
Qxe2+ 42. Kc1 Bxd3 43. Qxe2 fxe2 44. Kd2 Bxb1 45. Rb7 Kxg8 46. Rxb6 Bc2 47. Kxe2
f3+ 48. Kxf3 1-0

[Event "Titled Tue 27th May Late"]
[Site "chess.com INT"]
[Date "2025.05.27"]
[Round "1"]
[White "Rose, Felix"]
[Black "Yang, Kaiqi"]
[Result "1-0"]
[WhiteTitle "CM"]
[BlackTitle "GM"]
[WhiteElo "2093"]
[BlackElo "2481"]
[WhiteFideId "5105722"]
[BlackFideId "8604398"]
[EventDate "2025.05.27"]

1. e4 c5 2. Nf3 d6 3. d4 cxd4 4. Nxd4 Nf6 5. Nc3 a6 6. Be3 e5 7. Nb3 Be6 8. f3
h5 9. Nd5 Bxd5 10. exd5 Nbd7 11. Qd2 g6 12. Be2 Bg7 13. O-O O-O 14. Na5 Qc7 15.
c4 Rfe8 16. b4 Rad8 17. Rac1 Bf8 18. Rfd1 e4 19. f4 Ng4 20. Bxg4 hxg4 21. c5
dxc5 22. d6 Qc8 23. bxc5 Nb8 24. Qb2 Rd7 25. Rb1 Nc6 26. Nxb7 Bg7 27. Qb6 a5 28.
Nxa5 Nxa5 29. Qxa5 Bf6 30. Qb5 Red8 31. a4 Ra7 32. c6 g3 33. Bxa7 gxh2+ 34. Kh1
Qg4 35. c7 Rf8 36. d7 e3 37. c8=Q e2 38. Re1 Qxf4 39. Qxf8+ Kxf8 40. Qb8+ Qxb8
41. Rxb8+ Kg7 42. d8=Q 1-0

[Event "Titled Tue 27th May Late"]
[Site "chess.com INT"]
[Date "2025.05.27"]
[Round "1"]
[White "Gabrielian, Artur"]
[Black "Dovgaliuk, Oleksandr"]
[Result "1/2-1/2"]
[WhiteTitle "GM"]
[WhiteElo "2419"]
[BlackElo "2240"]
[WhiteFideId "4131002"]
[BlackFideId "14167247"]
[EventDate "2025.05.27"]

1. Nf3 Nf6 2. g3 g6 3. Bg2 Bg7 4. c4 c6 5. d4 d5 6. O-O O-O 7. a4 a5 8. cxd5
Nxd5 9. e4 Nb4 10. h3 Nd7 11. Nc3 e5 12. Be3 exd4 13. Bxd4 Nf6 14. Re1 Be6 15.
Qe2 Re8 16. Rad1 Bb3 17. Rd2 Qc7 18. e5 Nfd5 19. Ne4 Bxa4 20. Nd6 Re7 21. Ng5 f6
22. Nge4 fxe5 23. Bc5 b6 24. Be3 Rd8 25. Bg5 Rxd6 26. Bxe7 Qxe7 27. Nxd6 Qxd6
28. Qg4 Bb5 29. Qc8+ Qf8 30. Qe6+ Qf7 31. Qd6 Nd3 32. Red1 Bf8 33. Qd8 N5b4 34.
Qxb6 Bc5 35. Qd8+ Kg7 36. Rf1 Bd4 37. Kh2 Nxb2 38. Rxd4 exd4 39. Qxd4+ Qf6 40.
Qd7+ Qf7 41. Qd4+ Qf6 42. Qa7+ Qf7 43. Qd4+ 1/2-1/2

[Event "Titled Tue 27th May Late"]
[Site "chess.com INT"]
[Date "2025.05.27"]
[Round "1"]
[White "Donchenko, Alexander"]
[Black "Metin, Enis"]
[Result "1-0"]
[WhiteTitle "GM"]
[WhiteElo "2615"]
[BlackElo "2169"]
[WhiteFideId "24603295"]
[BlackFideId "26306948"]
[EventDate "2025.05.27"]

1. d4 Nf6 2. c4 e6 3. g3 c5 4. Nf3 d5 5. cxd5 exd5 6. Bg2 Be7 7. O-O O-O 8. dxc5
Bxc5 9. a3 Nc6 10. b4 Bb6 11. Nc3 d4 12. Na4 Re8 13. Bb2 Bg4 14. Nxb6 axb6 15.
Nxd4 Bxe2 16. Nxe2 Qxd1 17. Rfxd1 Rxe2 18. Bxf6 gxf6 19. b5 Na5 20. Rd6 Nc4 21.
Rxf6 Rxa3 22. Rxa3 Nxa3 23. Rxb6 Re1+ 24. Bf1 Nc4 25. Rxb7 Nd2 26. Rd7 Nxf1 27.
Kg2 Rb1 28. b6 Kg7 29. b7 Nd2 30. Rxd2 Rxb7 31. Rd6 Rb2 32. h4 Ra2 33. g4 Ra3
34. f3 Ra4 35. Kg3 Rb4 36. h5 h6 37. Rd5 Ra4 38. Re5 Rb4 39. Re4 Rb3 40. Kf4 Ra3
41. Rd4 Rb3 42. Ke4 Ra3 43. Rd5 Rb3 44. f4 Rg3 45. Kf5 Rg1 46. Rd7 Rf1 47. Rb7
Rf2 48. Rb5 Rf1 49. Rb3 Rf2 50. Ke4 Rg2 51. Kf3 Ra2 52. Kg3 Ra4 53. Rb6 Rc4 54.
g5 hxg5 55. fxg5 Ra4 56. Rf6 Rb4 57. Rf4 Rb3+ 58. Kg4 Rb5 59. Rc4 Ra5 60. Re4
Rb5 61. Re7 Rb4+ 62. Kf5 Rb5+ 63. Re5 Rb1 64. h6+ Kg8 65. Kf6 Rf1+ 66. Rf5 Ra1
67. Rd5 Rf1+ 68. Ke5 Rf2 69. Rd6 Kh7 70. Rf6 Re2+ 71. Kf4 Kg8 72. Rf5 Rf2+ 73.
Ke5 Ra2 74. Rf4 Ra5+ 75. Kf6 Ra6+ 76. Kf5 Ra5+ 77. Kg4 Ra6 78. Rd4 Ra5 79. Rd8+
Kh7 80. Rf8 1-0

[Event "Titled Tue 27th May Late"]
[Site "chess.com INT"]
[Date "2025.05.27"]
[Round "1"]
[White "Shukhman, Anna"]
[Black "Mihajlovskij, Sergei"]
[Result "1-0"]
[WhiteTitle "WGM"]
[WhiteElo "2413"]
[BlackElo "2292"]
[WhiteFideId "54180058"]
[BlackFideId "13500805"]
[EventDate "2025.05.27"]

1. e4 c5 2. Nf3 d6 3. d4 cxd4 4. Nxd4 Nf6 5. Nc3 a6 6. Qd3 Nbd7 7. Be2 e5 8. Nb3
Be7 9. Be3 O-O 10. f3 Nc5 11. Nxc5 dxc5 12. a4 b6 13. Qxd8 Rxd8 14. g4 Be6 15.
h4 Kf8 16. Kf2 Ne8 17. Rhd1 Nd6 18. a5 Nc4 19. Bxc4 Bxc4 20. axb6 Rdb8 21. Na4
Ke8 22. Bxc5 Bxh4+ 23. Kg2 h6 24. Bd6 Rb7 25. Bc7 Rc8 26. Nc5 Rbxc7 27. bxc7
Rxc7 28. Ra5 Bg5 29. b3 Be2 30. Rd5 f6 31. c4 Be3 32. Nxa6 Rb7 33. Nc5 Bxc5 34.
Raxc5 Rxb3 35. Rc8+ Ke7 36. Rc7+ Ke6 37. Rcd7 Rb6 38. c5 Rc6 39. R7d6+ Rxd6 40.
Rxd6+ Ke7 41. Rd2 Bb5 42. Kf2 Bd7 43. Ke3 g6 44. Rh2 f5 45. gxf5 gxf5 46. Rxh6
f4+ 47. Kd2 Bb5 48. c6 Kd8 49. Re6 Kc7 50. Rxe5 Bxc6 51. Rf5 Kd6 52. Rxf4 Bd7
53. Ke3 Ke5 54. Rh4 Be6 55. Rh5+ Kf6 56. f4 Kg6 57. Ra5 Bc4 58. f5+ Kf6 59. Kf4
Kf7 60. e5 Ke7 61. Ra7+ Ke8 62. f6 Be6 63. Re7+ Kf8 64. Rxe6 Kg8 65. Ra6 Kh8 66.
e6 Kh7 67. e7 Kh6 68. e8=Q Kh7 69. f7 Kg7 70. Qg8# 1-0

[Event "Titled Tue 27th May Late"]
[Site "chess.com INT"]
[Date "2025.05.27"]
[Round "1"]
[White "Hambardzumian, Yuri"]
[Black "Piesik, Piotr"]
[Result "0-1"]
[WhiteTitle "IM"]
[BlackTitle "IM"]
[WhiteElo "2301"]
[BlackElo "2436"]
[WhiteFideId "13302795"]
[BlackFideId "1136194"]
[EventDate "2025.05.27"]

1. d4 d5 2. c4 c6 3. Nf3 Nf6 4. Nc3 dxc4 5. a4 Bf5 6. e3 e6 7. Bxc4 Bb4 8. O-O
O-O 9. Qe2 Nbd7 10. e4 Bg6 11. Bg5 Be7 12. Rfd1 h6 13. Bh4 Bh5 14. e5 Nd5 15.
Bxe7 Qxe7 16. Nxd5 cxd5 17. Bd3 Nb8 18. Rac1 Nc6 19. Bb1 Rfc8 20. h3 Bxf3 21.
Qxf3 Nb4 22. Qa3 a5 23. Rc3 Rc4 24. Rdc1 Rac8 25. Rxc4 Rxc4 26. Rxc4 dxc4 27.
Qc3 Qc7 28. b3 Nd5 29. Qxc4 Qxc4 30. bxc4 Nc3 31. Bc2 Ne2+ 32. Kf1 Nxd4 33. Be4
b6 34. Ke1 g5 35. Kd2 Nb3+ 36. Kc3 Nc5 37. Bc6 Kg7 38. f3 Kg6 39. g4 f6 40. Kd4
Kf7 41. exf6 Kxf6 42. Ke3 Ke5 43. Bb5 Nb3 44. Bc6 Nc5 45. Bb5 Nb7 46. Bc6 Nd6
47. Bb5 Nc8 48. Bc6 Ne7 49. Be4 Ng8 50. Bh7 Nf6 51. Be4 Kd6 52. Kd4 e5+ 53. Kd3
Kc5 54. Bd5 Nxd5 55. cxd5 Kxd5 56. Ke3 b5 57. axb5 a4 58. Kd3 Kc5 59. Kc3 Kxb5
60. Kb2 Kc4 61. Ka2 Kd4 62. Ka3 Ke3 63. Kxa4 Kxf3 64. Kb4 Kg3 65. Kc4 Kxh3 66.
Kd5 Kxg4 67. Kxe5 h5 68. Kf6 h4 69. Ke5 h3 70. Ke6 h2 0-1

[Event "Titled Tue 27th May Late"]
[Site "chess.com INT"]
[Date "2025.05.27"]
[Round "1"]
[White "Ferreira, Vitor Hugo Vieira"]
[Black "Mafra, Kaiser Luiz"]
[Result "1-0"]
[BlackTitle "CM"]
[WhiteElo "2128"]
[BlackElo "2094"]
[WhiteFideId "2119765"]
[BlackFideId "2106698"]
[EventDate "2025.05.27"]

1. e4 c5 2. Nf3 d6 3. d4 cxd4 4. Nxd4 Nf6 5. Nc3 a6 6. h3 g6 7. g4 Bg7 8. Bg2 h6
9. Be3 Qc7 10. Qe2 Nc6 11. O-O-O Rb8 12. f4 Nd7 13. Nd5 Qd8 14. Kb1 e6 15. Nc3
Qc7 16. f5 Nxd4 17. Bxd4 Bxd4 18. Rxd4 Nc5 19. Rhd1 b5 20. a3 Nb7 21. fxg6 fxg6
22. e5 d5 23. Bxd5 O-O 24. Be4 Kg7 25. Bg2 Nc5 26. h4 Bb7 27. Bxb7 Rxb7 28. b4
Na4 29. Nxa4 bxa4 30. Qxa6 Rf2 31. Qxb7 Qxb7 32. Rd7+ Qxd7 33. Rxd7+ Kf8 34. Rd4
Re2 35. b5 Rxe5 36. Rb4 Rc5 37. b6 Rc8 38. Rxa4 Rb8 39. Rb4 Ke7 40. a4 Kd6 41.
a5 Kc5 42. c3 e5 43. a6 Rxb6 44. Rxb6 Kxb6 45. Kc2 Kxa6 46. Kd3 Kb6 47. Ke4 Kc5
48. Kxe5 1-0

[Event "Titled Tue 27th May Late"]
[Site "chess.com INT"]
[Date "2025.05.27"]
[Round "1"]
[White "Kalyani Sirin"]
[Black "Tsydypov, Zhamsaran"]
[Result "0-1"]
[WhiteTitle "WFM"]
[BlackTitle "GM"]
[WhiteElo "2136"]
[BlackElo "2514"]
[WhiteFideId "33323500"]
[BlackFideId "4108566"]
[EventDate "2025.05.27"]

1. e4 c6 2. d4 d5 3. e5 Bf5 4. h4 h6 5. g4 Bd7 6. Be2 c5 7. c3 Nc6 8. Be3 Qb6 9.
Qd2 cxd4 10. cxd4 h5 11. g5 e6 12. g6 fxg6 13. Nc3 Rc8 14. Nh3 Nge7 15. Nf4 Nf5
16. Nxg6 Rh7 17. Na4 Qb4 18. Nxf8 Kxf8 19. Nc5 Ke8 20. Bd3 g6 21. a3 Qxd2+ 22.
Kxd2 Ncxd4 23. Bxd4 Nxd4 24. Bxg6+ Ke7 25. Bxh7 Rxc5 26. Ke3 Nb3 27. Rad1 Rc4
28. Bd3 Rg4 29. Rdg1 d4+ 30. Ke2 Rf4 31. Rg7+ Kd8 32. Rh7 Nc5 33. Rxh5 Nxd3 34.
Kxd3 Bb5+ 35. Kc2 Rxf2+ 36. Kb3 a5 37. Rh7 Bd3 38. Rg7 b5 39. Ka2 Bc4+ 40. Ka1
d3 41. Rgg1 d2 42. h5 Bd3 43. h6 Bh7 44. Rd1 Re2 45. Rhg1 Bc2 46. Rdf1 Rh2 47.
h7 Rxh7 48. Rf2 d1=Q+ 49. Rxd1+ Bxd1 50. Rd2+ Rd7 51. Rf2 Bb3 0-1

[Event "Titled Tue 27th May Late"]
[Site "chess.com INT"]
[Date "2025.05.27"]
[Round "1"]
[White "Holinka, Henning"]
[Black "Winslow, Elliott"]
[Result "1/2-1/2"]
[WhiteTitle "FM"]
[BlackTitle "IM"]
[WhiteElo "2303"]
[BlackElo "2004"]
[WhiteFideId "12967084"]
[BlackFideId "2002523"]
[EventDate "2025.05.27"]

1. Nf3 g6 2. e4 Bg7 3. d4 d6 4. Bc4 Nf6 5. Qe2 O-O 6. O-O Bg4 7. h3 Bxf3 8. Qxf3
Nc6 9. c3 e5 10. Be3 Qe7 11. d5 Nb8 12. Bd3 Nbd7 13. c4 Nc5 14. Bc2 a5 15. b3
Nh5 16. Nc3 Rae8 17. a3 f5 18. b4 Nxe4 19. Nxe4 fxe4 20. Qxe4 Nf4 21. Kh2 Qd7
22. c5 Rf5 23. Rad1 Ref8 24. c6 bxc6 25. dxc6 Qc8 26. Qc4+ Kh8 27. Bxf5 Rxf5 28.
b5 Nxh3 29. gxh3 Rh5 30. h4 Bf6 31. Kg3 Rxh4 32. Qxh4 Bxh4+ 33. Kxh4 Qf5 34. b6
Qe4+ 35. Kg3 h5 36. bxc7 Qg4+ 37. Kh2 Qh4+ 38. Kg1 Qg4+ 39. Kh1 Qh3+ 40. Kg1
Qg4+ 41. Kh2 Qh4+ 42. Kg2 Qg4+ 43. Kh1 Qh4+ 44. Kg1 Qg4+ 1/2-1/2